000 01072nam a2200361 a 4500
003 AR-BaBNM
005 20251128205717.0
008 082120s2002 ||||||||||||||000 | spa||
020 _a84-7738-072-4
040 _cAR-BaBNM
100 1 _aJiménez González, Juan E.
245 0 0 _aCómo prevenir y corregir las dificultades en el aprendizaje de la lectoescritura
260 _aMadrid
_bSíntesis
_c1995
300 _a157 p.
_bil., gráfs.
490 0 _aAplicación en el aula
_vv. 5
504 _aBibliografía: p. 147-157
650 4 _aDIFICULTADES EN EL APRENDIZAJE
650 4 _aPROBLEMAS DE LECTURA
650 4 _aDISLEXIA
650 4 _aDETECCION DE DEFICIENCIAS
650 4 _aPERCEPCION
650 4 _aACTIVIDADES SENSOMOTRICES
650 4 _aDESARROLLO COGNOSCITIVO
650 4 _aDESARROLLO DEL LENGUAJE
651 4 _aEspaña
653 _aLECTOESCRITURA
653 _aCOMPRENSION LECTORA
653 _aEDUCACION INICIAL
653 _aEDUCACION GENERAL BASICA
700 1 _aArtiles Hernández, Ceferino
942 _cBK
998 _carturo
999 _c12507
_d12507